Statistiques concernant Mots de la langue française terminés par "outre"

Cliquez ici pour prendre le quiz!

Statistiques générales

  • Ce quiz a été pris 204 fois
  • Le résultat moyen est 5 sur 8

Statistiques - réponses

IndiceMot% Correct
animalloutre
98%
sperme (familier)foutre
89%
madrierpoutre
85%
gourdeoutre
73%
individu méprisable ou incapable (populaire) (deux mots)Jean-foutre
44%
fleuve d'AsieBrahmapoutre
36%
type de voilier arabe traditionnel originaire de la mer Rougeboutre
32%
fer tranchant d'une charruecoutre
31%

Distribution des résultats

Percentile par nombre de réponses

% des personnes avec chaque résultat

Votre développement - résultats

Vous n’avez pas pris ce quiz